000 00701nam a2200229 i 4500
001 7453
003 ES-MaACL
005 20230906145235.0
007 t|
008 910118s1985 sp |||| | spa d
080 _a86-21"19"
100 1 _aLenza González, Enrique.
_971558
245 1 3 _aLa voz de ayer perdida
_b: obra en dos partes /
_coriginal de Enrique Lenza.
260 _a[Madrid :
_bs.n.],
_cD.L. 1985.
300 _a46 p. ;
_c21 cm.
490 1 _aComedia ;
_v7
594 _aEstreno: Lectura dramatizada en el Ateneo de Madrid, 24 de abril de 1985.
710 2 _aAteneo de Madrid.
_91875
830 0 _aComedia ;
_v7
_9227895
852 _aES-MaACL
_j2145-F-2
999 _c7453
_d7453